04142nam a2200541Ia 4500952010000000952010000100952010000200952010200300952011200402952011200514952010300626952009900729952009900828952009900927952011401026952010001140952010001240952009801340952009801438952011001536952009801646952009301744952010601837952010701943952010502050999001702155008004102172020001502213050002502228082002502253100002402278240007002302245015302372250001802525260004102543300002302584500017002607504005302777505041802830519004303248519006003291519005503351650005503406650004203461700004203503700004303545942001203588 00104070a04b04d2008-07-17l0oQA76.64 B6618 1996p04 001504r2013-05-22t1w2012-06-24yLB 00104070a04b04d2008-07-17l0oQA76.64 B6618 1996p04 001505r2013-05-22t2w2012-06-24yLB 00104070a04b04d2008-07-17l0oQA76.64 B6618 1996p04 001506r2013-05-22t3w2012-06-24yLB 00102ddc4070a12b12d2007-03-15l0oQA76.64 B6618p09 001494r2024-09-03t1w2012-06-26yLBf 00104070a22b22d2009-08-17l6oQA76.64 B6618 1996p06 000094r2019-10-25s2019-10-25t1w2012-06-26yLB 00104070a07b07d2011-01-20l1oQA76.64 B6618 1996p07 001703r2014-04-11s2014-03-07t1w2012-06-26yLB 00102lcc4070a03b03d2001-05-15l0oQA76.64 B65 1996p03 002003r2012-07-20t1w2012-07-20yLB 00104070a08b08d2008-12-17l0oQA76.64 B724 1996p08 001393r2012-07-20t1w2012-07-20yLB 00104070a08b08d2009-02-25l0oQA76.64 B724 1996p08 002926r2012-07-20t2w2012-07-20yLB 00104070a08b08d2009-02-25l0oQA76.64 B724 1996p08 002927r2012-07-20t3w2012-07-20yLB 00104070a08b08d2009-02-25l2m1oQA76.64 B724 1996p08 002972r2016-06-13s2016-06-10t4w2012-07-20yLB 00104070a13b13d2010-05-06l0oQA76.64 B6618 1996p13 000496r2012-09-05t1w2012-09-05yLB 00104070a13b13d2010-05-06l0oQA76.64 B6618 1996p13 000544r2012-09-05t2w2012-09-05yLB 00104070a14b14d2009-01-30l0oQA76.64 B66 1996p14 000936r2012-10-28t1w2012-10-28yLB 00104070a14b14d2009-01-30l0oQA76.64 B66 1996p14 000937r2012-10-28t2w2012-10-28yLB 00104070a14b14d2009-01-30l1oQA76.64 B66 1996p14 000938r2015-02-09s2015-02-09t3w2012-10-28yLB 00104070a14b14d2010-11-05l0oQA76.64 B66 1996p14 003557r2012-10-28t4w2012-10-28yLB 00104070a03b03d2015-03-31l0oQA76.64 B66p03 002738r2015-03-31t2w2015-03-31yLB 00102lcc4070a04b04d2016-09-20l0oQA76.64 B6618 1996 p05 000522r2023-02-03t1w2016-09-20yLB 00102lcc4070a04b04d2016-09-20l0oQA76.64 B6618 1996 p05 000523r2023-02-03t2w2016-09-20yLB 00102lcc4070a04b04d2016-09-20l0oQA76.64 B6618 1996p05 000524r2023-02-03t3w2016-09-20yLB c62129d62129120625s1996 mx 001 0 spa d a9684443528 4aQA76.64 bB6618 1996 a005.117 bB725a 19961 aBooch, Gradyeautor aObject-Oriented Analysis and design with applications lespañol aAnalisis y diseño orientado a objetos con aplicaciones c / Grady Booch ; version española de Juan Manuel Cueva Lovelle, Agustin Cernuda del Rio a2a. edición3 aMéxico b : Addison-Wesleyc, 1996 axix, 638 páginas aIncluye: apéndice (pp. 539-559) Incluye: glosario (pp. 561-569) Incluye: vocabulario técnico bilingüe (pp. 623-628) Incluye: índice analítico (pp. 629-638) aIncluye bibliografía clasificada (pp. 571-622)1 aConceptos Complejidad El modelo de objetos Clases y objetos Clasificación El método La notación El proceso Aspectos pragmáticos Aplicaciones Adquisición de datos. Estación de monitorización del clima Marco de referencia. Biblioteca básica de clases Computación cliente/servidor: mantenimiento de catálogos Inteligencia artificial: criptoanálisis Dirección y control. Gestión de tráfico aMaterial complementario /d(05 000522) aMaterial Complementario /bInformática /d(06 000094) aMaterial Complementario / d(03 002003, 03 002738) 0aPROGRAMACIÓN ORIENTADA A OBJETOS (COMPUTACIÓN) 0aSOFTWARE PARA COMPUTADORAxDESARROLLO1 aCueva Lovelle, Juan Manueletraductor1 aCernuda del Rio, Agustíne traductor cLB2lcc